C++ for Beginners... ,Masters (Record no. 578)
[ view plain ]
| 000 -LEADER | |
|---|---|
| Fixed length control field | 00444nam a2200169 4500 |
| 003 - CONTROL NUMBER IDENTIFIER | |
| Control field | SEACOMMC |
| 005 - DATE AND TIME OF LATEST TRANSACTION | |
| Control field | 20250416163421.0 |
| 008 - FIXED-LENGTH DATA ELEMENTS--GENERAL INFORMATION | |
| Fixed length control field | 240920b |||||||| |||| 00| 0 eng d |
| 020 ## - INTERNATIONAL STANDARD BOOK NUMBER / ISBN | |
| International Standard Book Number | 978-81-2242-024-1 |
| Price | Rs.375.00 |
| 040 ## - CATALOGING SOURCE | |
| Original cataloging agency | SEACOMMC |
| 082 ## - DEWEY DECIMAL CLASSIFICATION NUMBER | |
| Classification number | 005.133 |
| Book Number | A365 |
| 100 ## - MAIN ENTRY--PERSONAL NAME | |
| Personal name | Asthana, Ankit |
| 245 1# - TITLE STATEMENT | |
| Title | C++ for Beginners... ,Masters |
| Statement of responsibility | Ankit Asthana |
| 260 ## - IMPRINT | |
| Place of publication | New Delhi |
| Name of publisher | New Age |
| Date of publication | 2007 |
| 650 ## - SUBJECT ADDED ENTRY--TOPICAL TERM | |
| Topical term | Computer Science |
| 942 ## - ADDED ENTRY ELEMENTS (KOHA) | |
| Koha item type | Books |
| Withdrawn status | Lost status | Source of classification | Damaged status | Not for loan | Home library | Current library | Date acquired | Total Checkouts | Call number | Accession number | Date last seen | Price effective from | Koha item type | Copy number |
|---|---|---|---|---|---|---|---|---|---|---|---|---|---|---|
| Dewey Decimal Classification | SEACOM MANAGEMENT COLLEGE | SEACOM MANAGEMENT COLLEGE | 27/09/2007 | 005.133 A365 | M-246 | 20/09/2024 | 20/09/2024 | Books | ||||||
| Dewey Decimal Classification | SEACOM MANAGEMENT COLLEGE | SEACOM MANAGEMENT COLLEGE | 27/09/2007 | 005.133 A365 | M-247 | 20/09/2024 | 20/09/2024 | Books | 1 | |||||
| Dewey Decimal Classification | SEACOM MANAGEMENT COLLEGE | SEACOM MANAGEMENT COLLEGE | 27/09/2007 | 005.133 A365 | M-248 | 20/09/2024 | 20/09/2024 | Books | 2 | |||||
| Dewey Decimal Classification | SEACOM MANAGEMENT COLLEGE | SEACOM MANAGEMENT COLLEGE | 27/09/2007 | 005.133 A365 | M-249 | 20/09/2024 | 20/09/2024 | Books | 3 | |||||
| Dewey Decimal Classification | SEACOM MANAGEMENT COLLEGE | SEACOM MANAGEMENT COLLEGE | 27/09/2007 | 005.133 A365 | M-250 | 20/09/2024 | 20/09/2024 | Books | 4 |
